Travelling in another EU country

Detalles Bibliográficos
Autores Corporativos: Unin̤ Europea. Oficina de Publicaciones Oficiales, Comisin̤ Europea. Direccin̤ General de Mercado Interior
Formato: Desconocido
Lenguaje:español
Publicado: [Luxemburgo] : European Union Publications Office, 2007
Materias:
Acceso en línea:Acceso restringido

MARC

LEADER 00000ny a22000003n 4500
005 20110622113624.0
008 080708s2007 sp s 000 0 spa c
035 |a 1785 
040 |a UMA.RE  |d vlex 
080 |a 338.48-052:342.7.16(4-672UE)(0.034) 
080 |a 342.7.16(4-672UE):338.48-052(0.034) 
090 |c 1248  |d 1248 
245 0 0 |a Travelling in another EU country  |h [Recurso electrn̤ico]  |c European Commission, Directorate-General for the Internal Market 
256 |a Servicio en ln̕ea 
260 |a [Luxemburgo] :  |b European Union Publications Office,  |c 2007 
506 1 |a Contenido solo disponible en los productos indicados  |d vLex Global  |d vLex Global (Academic Edition, excluding Law Schools)  |d vLex Global (U.S. Academic Edition, Law Schools)  |d vLex Global (U.S. Academic Edition, excluding Law Schools)  |d vLex Global (Academic Edition, Law Schools) 
650 0 7 |a Comunitario  |2 Tesauro vLex 
710 1 |a Unin̤ Europea.  |b Oficina de Publicaciones Oficiales 
710 1 |a Comisin̤ Europea.  |b Direccin̤ General de Mercado Interior 
740 0 |a vLex Libros (Servicios en ln̕ea) 
856 4 0 |z Acceso restringido  |u http://vlex.com/source/travelling-another-country-1785 
942 |c BOOK